प्रारम्भिक संस्कृत व्याकरण (Record no. 7995)

MARC details
000 -LEADER
fixed length control field 01100 a2200217 4500
005 - DATE AND TIME OF LATEST TRANSACTION
control field 2008092204324.0
008 - FIXED-LENGTH DATA ELEMENTS--GENERAL INFORMATION
fixed length control field 080922t xxu||||| |||| 00| 0 hin d
010 ## - LCCN (DPL NO)
LC control number HIN-81193
020 ## - INTERNATIONAL STANDARD BOOK NUMBER
International Standard Book Number 8175413085
Terms of availability 95.00
035 ## - SYSTEM CONTROL NUMBER
System control number HN-53539
037 ## - SOURCE OF ACQUISITION
Source of stock number/acquisition D.B.Act / Pub
082 ## - DEWEY DECIMAL CLASSIFICATION NUMBER
Classification number 415
100 ## - MAIN ENTRY--PERSONAL NAME
Personal name मिश्र, मधुसूदन
245 ## - TITLE STATEMENT
Title प्रारम्भिक संस्कृत व्याकरण
Statement of responsibility, etc मधुसूदन मिश्र
246 ## - VARYING FORM OF TITLE
Title proper/short title Prarmbhik saskrit Vyakran
Remainder of title By-Madhusuden Mishra
260 ## - PUBLICATION, DISTRIBUTION, ETC. (IMPRINT)
Place of publication, distribution, etc दिल्ली
Name of publisher, distributor, etc शिप्रा पब्लिकेशन्स
Date of publication, distribution, etc 2006
270 ## - ADDRESS
Address 115-ए, विकास मार्ग, शकरपुर
City दिल्ली
Postal code 110092
Telephone number 91-11-55277210, 22458662, 22200954
Electronic mail address info@shiprapublications.com
300 ## - PHYSICAL DESCRIPTION
Extent 88पृ
Dimensions 22सेमी(अजिल्द)
942 ## - ADDED ENTRY ELEMENTS (KOHA)
Institution code [OBSOLETE] dpl
Item type Hindi Books
Call number prefix 415 / मिश्रम
Source of classification or shelving scheme Dewey Decimal Classification
Classification part 415
Call number suffix मिश्रम
Holdings
Withdrawn status Lost status Source of classification or shelving scheme Damaged status Not for loan Home library Current library Date acquired Cost, normal purchase price Total Checkouts Full call number Barcode Date last seen Copy number Cost, replacement price Koha item type
    Dewey Decimal Classification     D.B.Act.Division D.B.Act.Division 22/09/2008 95.00   415 मिश्रम HN-53539 15/09/2008 1 95.00 Hindi Books

© Delhi Public Library
Hit Counter
free hit counter